Wyatt Gates quiz - Statistics

General Stats
  • This quiz has been taken 4 times
  • The average score is 3 of 15
Answer Stats
Hint Answer % Correct
favorite color Red
100%
Favorite meme hey everyone
50%
What is this didyblud doing on the calculator- is blud einstein
50%
favorite anime naruto
50%
favorite MLB team angels
0%
Moms name Christa gates
0%
Favorite fast food panda express
0%
favorite superhero DCU green lantern
0%
Favorite person in world keilani
0%
Favorite person in Ms bristows 6th period academic sucsess moses galvany
0%
Favorite teacher PV Mr brooks
0%
favorite teacher Bidwell Mr nash
0%
Favorite food ramen
0%
favorite superhero MCU Spider-Man
0%
Favorite fictional character thorfinn
0%
No matching quizzes found
Score Distribution
Percent of People with Each Score
Percentile by Number Answered
Your Score History
You have not taken this quiz